| 000 | 00549nam a2200193 u 4500 | ||
|---|---|---|---|
| 005 | 20220603063715.0 | ||
| 008 | 090206s2005 r 000 0 eng d | ||
| 020 | _a9684941803 | ||
| 035 | _aUPN01000168919 | ||
| 049 | _aI | ||
| 050 | 4 |
_aPZ75 _bF2.3 |
|
| 100 | 1 | _aFajardo, José Manuel | |
| 245 | 1 | 3 |
_aLa estrella fugaz / _cJosé Manuel Fajardo ; il. Pablo Prestifilippo. |
| 260 |
_aMéxico : _bCIDCLI, _c2005. |
||
| 300 |
_a[26] p. : _bprincipalmente il. col. |
||
| 440 | 0 | _aEnCuento | |
| 650 | 4 |
_aCuentos infantiles _96744 |
|
| 905 | _aInfantil | ||
| 999 |
_c141025 _d141025 |
||